000 00633nam a2200181Ia 4500
008 151018s9999 xx 000 0 und d
082 _bRBASDV32043
_a891.463
100 _aचंद्रकांत काकोडकर
245 _aभूल कशी पडली
250 _b1
260 _bवसंत बुक स्टॉल मुंबई
_c1999
300 _a141
600 _aचंद्रकांत काकोडकर
630 _aभूल कशी पडली
700 _aचंद्रकांत काकोडकर
730 _aभूल कशी पडली
942 _cBOOK
999 _c1031571
_d1031568